000 00474nam a2200169Ia 4500
999 _c25670
_d25670
003 OSt
005 20211028142057.0
008 190216s9999||||xx |||||||||||||| ||und||
040 _coclc
082 _a894.8121
_bSUG/M
100 _aSugathakumari
_97026
245 0 _aMuthuchippy /
_cSugathakumari
260 _bPoorna Publications,
_c1985.
_aKozhikode:
300 _a88p
650 _aKavithkal
942 _cBK
_2ddc
_hSUG/M
_i894.8121
_kSUG/M
_m894.8121